[Event "Olomouc 2009 - GM B"]
[Site "?"]
[Date "2009.08.11"]
[Round "7.3"]
[White "Arutinian, David"]
[Black "Biolek, Richard Jr"]
[Result "1-0"]
[WhiteElo "2526"]
[BlackElo "2361"]
[PlyCount "65"]
[EventDate "2009.08.05"]

1. d4 d5 2. c4 Nc6 3. Nf3 Bg4 4. Nc3 e6 5. Bf4 Bb4 6. e3 Nf6 7. Rc1 Nh5 8. Bg3
Nxg3 9. hxg3 Qf6 10. cxd5 exd5 11. Bb5 Bxf3 12. gxf3 a6 13. Bd3 g6 14. f4 O-O
15. Kf1 Ne7 16. Qf3 Bxc3 17. Rxc3 c6 18. g4 Qg7 19. Rb3 b5 20. f5 f6 21. fxg6
hxg6 22. Rc3 Rac8 23. Bf5 Nxf5 24. gxf5 g5 25. Rxc6 Rxc6 26. Qxd5+ Qf7 27. Qxc6
Qxa2 28. Kg2 Qf7 29. Rh6 Qe7 30. Qd5+ Kg7 31. Rg6+ Kh8 32. Kg1 Rf7 33. Qh1+ 1-0

[Event "Olomouc 2009 - GM B"]
[Site "?"]
[Date "2009.08.11"]
[Round "7.4"]
[White "Kashlinskaya, Alina"]
[Black "Plat, Vojtech"]
[Result "0-1"]
[WhiteElo "2346"]
[BlackElo "2406"]
[PlyCount "103"]
[EventDate "2009.08.05"]

1. d4 Nf6 2. c4 e6 3. Nc3 c5 4. d5 exd5 5. cxd5 d6 6. g3 g6 7. Bg2 Bg7 8. Nf3
O-O 9. O-O Na6 10. Nd2 Nc7 11. Nc4 Nfe8 12. a4 b6 13. e4 Ba6 14. Qb3 Qd7 15.
Re1 Bxc4 16. Qxc4 a6 17. Qe2 Rb8 18. Bf4 f6 19. Rab1 b5 20. b4 cxb4 21. Rxb4 f5
22. Qd3 a5 23. Rbb1 b4 24. Ne2 fxe4 25. Bxe4 Nf6 26. Bg2 Rbe8 27. Qc4 Rc8 28.
Rbd1 Nce8 29. Qa6 Nh5 30. Be3 Nc7 31. Qc6 Nf6 32. Bf4 Qxc6 33. dxc6 Nfe8 34.
Nd4 Bxd4 35. Rxd4 Rf6 36. Bg5 Re6 37. Bd5 Ng7 38. Bxe6+ Ngxe6 39. Rxd6 Nxg5 40.
Re3 Rb8 41. f4 b3 42. Rd1 Nge6 43. Rb1 Nc5 44. Rc3 N7a6 45. Kg2 Rc8 46. Rc4 Kf7
47. Rbc1 Rxc6 48. R4c3 Rb6 49. Rb1 Rb4 50. Ra1 b2 51. Rb1 Nxa4 52. Rc2 0-1

[Event "Olomouc 2009 - GM B"]
[Site "?"]
[Date "2009.08.11"]
[Round "7.5"]
[White "Erdogdu, Mert"]
[Black "Vokac, Marek"]
[Result "0-1"]
[WhiteElo "2463"]
[BlackElo "2466"]
[PlyCount "76"]
[EventDate "2009.08.05"]

1. e4 e5 2. Nf3 Nc6 3. Bb5 a6 4. Ba4 Nf6 5. O-O Be7 6. Re1 b5 7. Bb3 O-O 8. h3
d6 9. c3 h6 10. d4 Re8 11. Nbd2 Bf8 12. Nf1 Bb7 13. Ng3 Na5 14. Bc2 Nc4 15. b3
Nb6 16. a4 bxa4 17. bxa4 a5 18. Bd3 d5 19. Nxe5 dxe4 20. Bb5 Re6 21. Nf5 Bd6
22. Bxh6 gxh6 23. Nxh6+ Kh7 24. Nhxf7 Qe7 25. Ng5+ Kg7 26. Nxe6+ Qxe6 27. Qd2
Rg8 28. f4 Kh7 29. Kh2 Qf5 30. Rf1 e3 31. Bd3 Be4 32. Qc2 Nbd5 33. g3 Rxg3 34.
Kxg3 Nxf4 35. Bxe4 Nxe4+ 36. Qxe4 Ne2+ 37. Kh2 Qxe4 38. Rf7+ Kg8 0-1

[Event "Olomouc 2009 - GM B"]
[Site "?"]
[Date "2009.08.12"]
[Round "8.1"]
[White "Gavrilov, Alexei"]
[Black "Vokac, Marek"]
[Result "0-1"]
[WhiteElo "2480"]
[BlackElo "2466"]
[PlyCount "92"]
[EventDate "2009.08.05"]

1. d4 Nf6 2. c4 g6 3. Nc3 Bg7 4. e4 d6 5. Nf3 O-O 6. Be2 e5 7. O-O Nc6 8. d5
Ne7 9. a4 c5 10. a5 Bd7 11. Ne1 Ne8 12. Nd3 f5 13. f4 exf4 14. Nxf4 Bd4+ 15.
Kh1 Ng7 16. Nd3 Qe8 17. Bf4 Bxc3 18. bxc3 fxe4 19. Ne1 Nef5 20. g4 g5 21. Bxg5
Qg6 22. Bf4 Nh4 23. h3 Nf3 24. Qc1 h5 25. Nxf3 exf3 26. Bxf3 hxg4 27. hxg4 Bxg4
28. Bxg4 Qxg4 29. Ra2 Rf5 30. Bxd6 Rh5+ 31. Bh2 Qxc4 32. Rg2 Rf8 33. Rxf8+ Kxf8
34. d6 Ne6 35. Kg1 Qd3 36. Qe1 Rf5 37. Bg3 Ng5 38. Qe7+ Kg8 39. Bf2 Qd1+ 40.
Be1 Kh8 41. Rh2+ Kg8 42. Rg2 Kh8 43. Qe8+ Kh7 44. d7 Nf3+ 45. Kh1 Qxe1+ 46.
Qxe1 Rh5+ 0-1

[Event "Olomouc 2009 - GM B"]
[Site "?"]
[Date "2009.08.12"]
[Round "8.2"]
[White "Plat, Vojtech"]
[Black "Erdogdu, Mert"]
[Result "1/2-1/2"]
[WhiteElo "2406"]
[BlackElo "2463"]
[PlyCount "58"]
[EventDate "2009.08.05"]

1. e4 e5 2. Nf3 Nc6 3. Bb5 a6 4. Ba4 Nf6 5. O-O Nxe4 6. d4 b5 7. Bb3 d5 8. dxe5
Be6 9. c3 Be7 10. Nbd2 Nc5 11. Bc2 Bg4 12. h3 Bh5 13. Qe1 Ne6 14. Bf5 Bg6 15.
Bxg6 fxg6 16. Nb3 O-O 17. Qe2 Qd7 18. Rd1 Rf5 19. a4 bxa4 20. Rxa4 Nxe5 21.
Nxe5 Qxa4 22. Nxg6 hxg6 23. Qxe6+ Kh7 24. Qxe7 Qxb3 25. Rd4 Qb6 26. Be3 Qc6 27.
Rh4+ Kg8 28. Bd4 Rf6 29. Bxf6 Qxf6 1/2-1/2

[Event "Olomouc 2009 - GM B"]
[Site "?"]
[Date "2009.08.12"]
[Round "8.5"]
[White "Zakhartsov, Viacheslav V"]
[Black "Semcesen, Daniel"]
[Result "1/2-1/2"]
[WhiteElo "2541"]
[BlackElo "2418"]
[PlyCount "64"]
[EventDate "2009.08.05"]

1. d4 d5 2. Nf3 Nf6 3. c4 dxc4 4. Nc3 a6 5. e4 b5 6. e5 Nd5 7. a4 e6 8. axb5
Nb6 9. Be3 Bb7 10. Nd2 axb5 11. Rxa8 Bxa8 12. Nxb5 Bb4 13. Qg4 Kf8 14. Nc3 h5
15. Qd1 Nd5 16. Nxd5 Bxd5 17. Qc2 Nc6 18. f4 g6 19. Kf2 Bxd2 20. Qxd2 Qb8 21.
Be2 Ke7 22. Rc1 Qb5 23. Rc3 Qb4 24. Qc2 Na5 25. Ra3 Nb3 26. Qc3 Rb8 27. Qxb4+
Rxb4 28. g3 Kd7 29. h3 Rb5 30. Ra4 Na5 31. Bd2 Nb3 32. Be3 Na5 1/2-1/2

[Event "Olomouc 2009 - GM B"]
[Site "?"]
[Date "2009.08.13"]
[Round "9.3"]
[White "Kashlinskaya, Alina"]
[Black "Kanovsky, David"]
[Result "1/2-1/2"]
[WhiteElo "2346"]
[BlackElo "2483"]
[PlyCount "122"]
[EventDate "2009.08.05"]

1. d4 g6 2. g3 Bg7 3. Bg2 Nf6 4. c4 O-O 5. Nf3 c5 6. d5 d6 7. Nc3 e6 8. O-O
exd5 9. cxd5 Qe7 10. Re1 Nbd7 11. e4 Ne8 12. Bg5 f6 13. Bd2 Ne5 14. Nxe5 fxe5
15. Rb1 Bd7 16. Qe2 Nf6 17. b4 b6 18. bxc5 dxc5 19. a4 Rfb8 20. Rb2 Ne8 21.
Reb1 Nd6 22. Be3 Rc8 23. Bf1 c4 24. Qc2 Rc7 25. Rb4 Rac8 26. Nb5 Bxb5 27. axb5
Qd7 28. Rc1 Bf8 29. Qa4 Qg4 30. Bg2 Qh5 31. h4 Bh6 32. Bxh6 Qxh6 33. Rc2 Qh5
34. Qa1 Rf8 35. f3 Re8 36. Qc1 Rg7 37. Qg5 Qxg5 38. hxg5 Rc7 39. Kf2 Kg7 40.
Ke3 Rc5 41. Bf1 h6 42. gxh6+ Kxh6 43. Bxc4 Rec8 44. Kd3 Kg5 45. Bb3 Rf8 46. f4+
exf4 47. gxf4+ Rxf4 48. Ke3 Rg4 49. Rxc5 bxc5 50. Ra4 Rg3+ 51. Kd2 Rxb3 52. e5
Nf5 53. d6 c4 54. Rxa7 Rxb5 55. d7 Rd5+ 56. Kc3 Ne3 57. e6 Rd3+ 58. Kb4 Kf6 59.
Ra8 Kxe6 60. d8=Q Rxd8 61. Rxd8 Kf5 1/2-1/2

[Event "Olomouc 2009 - GM B"]
[Site "?"]
[Date "2009.08.13"]
[Round "9.4"]
[White "Erdogdu, Mert"]
[Black "Biolek, Richard Jr"]
[Result "1-0"]
[WhiteElo "2463"]
[BlackElo "2361"]
[PlyCount "79"]
[EventDate "2009.08.05"]

1. e4 e5 2. Nf3 Nc6 3. Bc4 Nf6 4. d3 Be7 5. O-O O-O 6. Re1 d6 7. a4 h6 8. h3
Nh7 9. Nc3 Ng5 10. Nd5 Nxf3+ 11. Qxf3 Nd4 12. Qd1 c6 13. Nxe7+ Qxe7 14. c3 Ne6
15. Qh5 Qf6 16. a5 a6 17. Be3 Nf4 18. Bxf4 exf4 19. e5 dxe5 20. Qxe5 Qg6 21.
Qxf4 Bxh3 22. Qg3 Qxg3 23. fxg3 Bf5 24. Re7 Rad8 25. Rf1 Bxd3 26. Rfxf7 Rxf7
27. Bxf7+ Kf8 28. Rxb7 Be4 29. Bc4 c5 30. Rb6 Rd1+ 31. Kf2 Bd3 32. Bxd3 Rxd3
33. Rxa6 Rd2+ 34. Kf3 Rxb2 35. Rc6 Ke7 36. a6 Rb3 37. Rxc5 Ra3 38. Rc7+ Kd6 39.
Rxg7 Ke5 40. Kg4 1-0

[Event "Olomouc 2009 - GM B"]
[Site "?"]
[Date "2009.08.13"]
[Round "9.5"]
[White "Vokac, Marek"]
[Black "Plat, Vojtech"]
[Result "1/2-1/2"]
[WhiteElo "2466"]
[BlackElo "2406"]
[PlyCount "120"]
[EventDate "2009.08.05"]

1. Nf3 Nf6 2. g3 g6 3. b3 Bg7 4. Bb2 b6 5. Bg2 Bb7 6. O-O O-O 7. c4 c5 8. d3 d5
9. cxd5 Bxd5 10. Nc3 Bb7 11. Qd2 Nbd7 12. Rfd1 Rc8 13. Rac1 Re8 14. d4 cxd4 15.
Nxd4 Bxg2 16. Kxg2 Qc7 17. f3 Qb7 18. e4 Ne5 19. Nde2 Qa8 20. Qf4 Ned7 21. Nb5
Rxc1 22. Rxc1 Rc8 23. Rxc8+ Qxc8 24. Qc7 Qxc7 25. Nxc7 Nc5 26. Bd4 Nfd7 27. Nd5
Bxd4 28. Nxd4 e6 29. Ne7+ Kf8 30. Nec6 a5 31. e5 Nd3 32. f4 Nc1 33. a3 Nc5 34.
b4 axb4 35. Nxb4 N1b3 36. Nb5 Nd2 37. Nd6 Nb1 38. Nc2 Nc3 39. Kf3 Nd5 40. Ne3
Nc3 41. Nec4 N5a4 42. Nd2 Ke7 43. Nb3 f6 44. Nc8+ Kf7 45. exf6 Nb5 46. Nd2 Kxf6
47. Nc4 g5 48. fxg5+ Kxg5 49. N8xb6 Nxb6 50. Nxb6 Nxa3 51. Nd7 h5 52. Ne5 Kf5
53. Nc6 Nc4 54. Nd4+ Ke5 55. Ne2 Kf5 56. Nf4 Nd6 57. Kg2 h4 58. Ne2 hxg3 59.
Nd4+ Ke4 60. Nxe6 gxh2 1/2-1/2

[Event "Olomouc 2009 - IM A"]
[Site "?"]
[Date "2009.08.11"]
[Round "7.4"]
[White "Oparin, Grigoriy"]
[Black "Chetverik, Maxim"]
[Result "1/2-1/2"]
[WhiteElo "2350"]
[BlackElo "2354"]
[PlyCount "68"]
[EventDate "2009.08.05"]

1. e4 c5 2. Nf3 Nf6 3. Nc3 d5 4. exd5 Nxd5 5. Bb5+ Bd7 6. Bxd7+ Qxd7 7. Nxd5
Qxd5 8. d4 cxd4 9. Qxd4 Qxd4 10. Nxd4 a6 11. Bf4 e6 12. O-O-O Nd7 13. Rhe1 Nf6
14. Nf5 Rg8 15. f3 Rd8 16. Nd6+ Bxd6 17. Bxd6 Kd7 18. Be5+ Ke7 19. a4 Nd5 20.
c3 f6 21. Bd4 Rc8 22. Kc2 Rgd8 23. Kb3 Rc6 24. g3 Rdc8 25. f4 Kf7 26. Rd3 g6
27. Bf2 h5 28. Re4 b5 29. axb5 axb5 30. h3 Ra8 31. Rd1 Rca6 32. Rde1 Rc6 33.
Rd1 Rca6 34. Rde1 Rc6 1/2-1/2

[Event "Olomouc 2009 - IM B"]
[Site "?"]
[Date "2009.08.05"]
[Round "1.1"]
[White "Antipov, Mikhail Al"]
[Black "Ganaus, Hannes"]
[Result "1/2-1/2"]
[WhiteElo "2191"]
[BlackElo "2279"]
[PlyCount "94"]
[EventDate "2009.08.05"]

1. e4 c6 2. d4 d5 3. f3 e6 4. Nc3 Bb4 5. Bf4 Ne7 6. Nge2 Ng6 7. Bg3 dxe4 8.
fxe4 e5 9. dxe5 Qa5 10. a3 Bxc3+ 11. Nxc3 Be6 12. Qd6 Nd7 13. b4 Qb6 14. Bf2
Qd8 15. Nd5 cxd5 16. exd5 Ndxe5 17. Qxd8+ Kxd8 18. dxe6 f6 19. Bc5 Kc7 20.
O-O-O Rhe8 21. Bd6+ Kb6 22. c4 a6 23. c5+ Ka7 24. Bc7 Rac8 25. Bb6+ Kb8 26. Rd6
Nf4 27. g3 Rxe6 28. Rxe6 Nxe6 29. Bh3 Re8 30. Rd1 Nc7 31. a4 h5 32. Bg2 g5 33.
Rd6 Rf8 34. Bxc7+ Kxc7 35. Rb6 Nc6 36. Bxc6 bxc6 37. Rxa6 Rb8 38. Rb6 Rxb6 39.
cxb6+ Kxb6 40. Kd2 c5 41. bxc5+ Kxc5 42. Kd3 f5 43. a5 Kb5 44. Kd4 h4 45. gxh4
gxh4 46. Ke5 Kxa5 47. Kxf5 Kb6 1/2-1/2

[Event "Olomouc 2009 - IM B"]
[Site "?"]
[Date "2009.08.05"]
[Round "1.2"]
[White "Bures, Jaroslav"]
[Black "Blazkova, Petra"]
[Result "1/2-1/2"]
[WhiteElo "2259"]
[BlackElo "2182"]
[PlyCount "95"]
[EventDate "2009.08.05"]

1. e4 e6 2. d4 d5 3. e5 c5 4. c3 Nc6 5. Nf3 Qb6 6. a3 f6 7. Bd3 cxd4 8. cxd4
Bd7 9. O-O O-O-O 10. Nc3 fxe5 11. dxe5 Kb8 12. b4 Rc8 13. Be3 Qd8 14. Nb5 Nh6
15. Rc1 Ng4 16. Rxc6 bxc6 17. Qa4 a5 18. Bg5 cxb5 19. Bxb5 Qb6 20. Bxd7 Rc4 21.
h3 Nxf2 22. Rxf2 axb4 23. Kf1 b3 24. Qb5 Qxb5 25. Bxb5 Bxa3 26. Bxc4 dxc4 27.
Nd2 Bc1 28. Nxc4 Bxg5 29. Rf3 Kc7 30. Rxb3 Kc6 31. Rg3 h6 32. Rd3 Rd8 33. Na5+
Kb5 34. Rxd8 Bxd8 35. Nb3 Kc4 36. Nd2+ Kd5 37. Nf3 Bc7 38. Ke2 Bxe5 39. Kd3 Bf4
40. Nd4 g6 41. Ne2 Be5 42. Ke3 g5 43. g4 Bb2 44. Ng3 Ke5 45. Ne4 Bc1+ 46. Kf3
Bf4 47. Nc5 Kd5 48. Ne4 1/2-1/2

[Event "Olomouc 2009 - IM B"]
[Site "?"]
[Date "2009.08.05"]
[Round "1.3"]
[White "Klima, Lukas"]
[Black "Sonter, Matthew"]
[Result "1-0"]
[WhiteElo "2420"]
[BlackElo "2158"]
[PlyCount "151"]
[EventDate "2009.08.05"]

1. e4 c5 2. Nf3 d6 3. c3 Nf6 4. Be2 Bd7 5. d3 g6 6. O-O Bg7 7. Re1 O-O 8. Bf1
Nc6 9. h3 Rc8 10. d4 cxd4 11. cxd4 a6 12. Nc3 e5 13. Bg5 h6 14. Be3 Re8 15. d5
Na5 16. Nd2 b5 17. a4 Nc4 18. axb5 Bxb5 19. Nxc4 Bxc4 20. Bxc4 Rxc4 21. Rxa6
Nxe4 22. Qd3 Qc8 23. Nxe4 Rxe4 24. Rc6 Qf5 25. Rxd6 Rb4 26. Qxf5 gxf5 27. Rb6
Rxb6 28. Bxb6 Rb8 29. Bc7 Rxb2 30. Bxe5 Rd2 31. Bxg7 Kxg7 32. Re5 f4 33. Rf5
Kg6 34. Rxf4 Rxd5 35. g3 Rc5 36. Kg2 Rc3 37. Ra4 Rb3 38. Ra6+ Kg7 39. Ra5 Kg6
40. g4 Rc3 41. f3 Rb3 42. Kg3 Rc3 43. h4 Rb3 44. Ra6+ Kg7 45. g5 hxg5 46. hxg5
Rb4 47. f4 Rb5 48. Kg4 Rc5 49. Rd6 Ra5 50. Rd7 Ra1 51. Kf5 Ra2 52. Ke4 Re2+ 53.
Kf3 Re1 54. Kf2 Ra1 55. Kg3 Kg6 56. Rd6+ Kg7 57. Rd8 Rb1 58. Rc8 Ra1 59. Kg4
Rb1 60. Rc4 Rg1+ 61. Kf5 Ra1 62. Rd4 Re1 63. Rd5 Re2 64. Rd7 Ra2 65. Ke4 Re2+
66. Kf3 Re1 67. f5 Rf1+ 68. Ke4 Re1+ 69. Kf4 Rf1+ 70. Ke5 Re1+ 71. Kd6 Rf1 72.
f6+ Kg6 73. Ke7 Kxg5 74. Rd2 Re1+ 75. Kxf7 Kf5 76. Rd5+ 1-0

[Event "Olomouc 2009 - IM B"]
[Site "?"]
[Date "2009.08.05"]
[Round "1.4"]
[White "Pacher, Milan"]
[Black "Kochetkova, Julia"]
[Result "1-0"]
[WhiteElo "2358"]
[BlackElo "2310"]
[PlyCount "93"]
[EventDate "2009.08.05"]

1. d4 e6 2. c4 Bb4+ 3. Bd2 Qe7 4. g3 Nf6 5. Bg2 O-O 6. Nf3 d5 7. O-O Bxd2 8.
Nbxd2 Nc6 9. Rc1 Rd8 10. Qc2 Bd7 11. a3 Be8 12. Rfd1 Rac8 13. e4 dxe4 14. Nxe4
a5 15. Nxf6+ Qxf6 16. d5 exd5 17. cxd5 Ne7 18. Qe4 Nf5 19. Qf4 Rd6 20. Bh3 Bd7
21. Ne5 g6 22. Nxd7 Rxd7 23. d6 Rcd8 24. Bxf5 Qxf5 25. Qxf5 gxf5 26. dxc7 Rxd1+
27. Kg2 Rc8 28. Rxd1 Rxc7 29. Rd5 b6 30. Rxf5 Kg7 31. Kf3 Kg6 32. Rb5 Rc6 33.
Ke4 f6 34. h4 h5 35. f4 Re6+ 36. Kd4 Rd6+ 37. Rd5 Rxd5+ 38. Kxd5 Kf5 39. a4 Kg4
40. Ke6 Kxg3 41. f5 Kxh4 42. Kxf6 Kg4 43. Ke5 h4 44. f6 h3 45. f7 h2 46. f8=Q
h1=Q 47. Qg8+ 1-0

[Event "Olomouc 2009 - IM B"]
[Site "?"]
[Date "2009.08.05"]
[Round "1.5"]
[White "Porat, Maya"]
[Black "Langrock, Hannes"]
[Result "1/2-1/2"]
[WhiteElo "2221"]
[BlackElo "2383"]
[PlyCount "40"]
[EventDate "2009.08.05"]

1. d4 e6 2. c4 b6 3. a3 Bb7 4. Nc3 Nf6 5. d5 Bd6 6. Nf3 O-O 7. g3 c6 8. dxc6
dxc6 9. Bg2 a6 10. O-O c5 11. Qc2 Nbd7 12. Rd1 Qe7 13. Ng5 Bxg2 14. Kxg2 Bc7
15. b3 h6 16. Nf3 Ne5 17. Nxe5 Bxe5 18. Bb2 Rfd8 19. Na4 Bxb2 20. Nxb2 Qb7+
1/2-1/2

[Event "Olomouc 2009 - IM B"]
[Site "?"]
[Date "2009.08.06"]
[Round "2.1"]
[White "Ganaus, Hannes"]
[Black "Langrock, Hannes"]
[Result "1/2-1/2"]
[WhiteElo "2279"]
[BlackElo "2383"]
[PlyCount "24"]
[EventDate "2009.08.05"]

1. d4 e6 2. c4 b6 3. Nf3 Bb7 4. g3 Bb4+ 5. Nc3 f5 6. Bg2 Nf6 7. O-O O-O 8. Bd2
Bxc3 9. Bxc3 Be4 10. Qb3 a5 11. Rad1 Na6 12. Be1 Qe8 1/2-1/2

[Event "Olomouc 2009 - IM B"]
[Site "?"]
[Date "2009.08.06"]
[Round "2.2"]
[White "Kochetkova, Julia"]
[Black "Porat, Maya"]
[Result "1-0"]
[WhiteElo "2310"]
[BlackElo "2221"]
[PlyCount "99"]
[EventDate "2009.08.05"]

1. e4 c5 2. Nf3 Nc6 3. Bb5 e6 4. O-O Nge7 5. Nc3 a6 6. Bxc6 Nxc6 7. d4 cxd4 8.
Nxd4 d6 9. Re1 Be7 10. Nxc6 bxc6 11. Qg4 g6 12. Bh6 e5 13. Qf3 Be6 14. Rad1 f6
15. Na4 Qa5 16. b3 Kf7 17. c4 Rhd8 18. Bd2 Qc7 19. Bc3 Kg8 20. Qe3 Rab8 21. f4
Rf8 22. Kh1 Rf7 23. Qg3 exf4 24. Qxf4 c5 25. Bb2 Qa5 26. Qc1 Qb4 27. Nc3 Qb7
28. Nd5 a5 29. Qf4 Bxd5 30. exd5 a4 31. Rd3 axb3 32. axb3 f5 33. Re6 Bf8 34.
Qh4 Re7 35. Qf6 Rg7 36. Rde3 Qd7 37. h3 Qf7 38. Qg5 Ra8 39. Bxg7 Bxg7 40. Rxd6
Qf8 41. Rde6 Bh6 42. Qe7 Bxe3 43. Rxe3 Qh6 44. Qe6+ Kh8 45. Qe5+ Kg8 46. d6
Ra1+ 47. Kh2 Rd1 48. d7 f4 49. Qe6+ Kh8 50. Qf6+ 1-0

[Event "Olomouc 2009 - IM B"]
[Site "?"]
[Date "2009.08.06"]
[Round "2.3"]
[White "Sonter, Matthew"]
[Black "Pacher, Milan"]
[Result "0-1"]
[WhiteElo "2158"]
[BlackElo "2358"]
[PlyCount "98"]
[EventDate "2009.08.05"]

1. e4 c6 2. d4 d5 3. Nc3 dxe4 4. Nxe4 Nf6 5. Nxf6+ gxf6 6. c3 Qd5 7. Qf3 Bf5 8.
Qxd5 cxd5 9. Nf3 Nc6 10. Bf4 O-O-O 11. Be2 Rg8 12. O-O e5 13. Bg3 Bd6 14. b4
Be4 15. b5 Ne7 16. Nh4 Kb8 17. Rad1 Rc8 18. dxe5 Bxe5 19. Rc1 Rc5 20. f3 Bxg3
21. hxg3 Bg6 22. Rfd1 Rgc8 23. Nxg6 fxg6 24. Rd3 Rxb5 25. Re3 Nf5 26. Re6 Rb2
27. Bd3 Nxg3 28. Rxf6 d4 29. c4 Rxa2 30. Kh2 Rd2 31. Kxg3 Rxd3 32. Rf7 Rc3 33.
Rd1 Rd8 34. Rxh7 Rxc4 35. Kf4 a5 36. Rb1 Rb4 37. Rxb4 axb4 38. Rh1 Kc7 39. Rb1
d3 40. Ke3 d2 41. Ke2 Kc6 42. Rd1 Kc5 43. f4 Rd4 44. Rxd2 Rxf4 45. Rd7 b3 46.
Rxb7 Rb4 47. Rc7+ Kd4 48. Rc1 b2 49. Rb1 Kc3 0-1

[Event "Olomouc 2009 - IM B"]
[Site "?"]
[Date "2009.08.06"]
[Round "2.5"]
[White "Antipov, Mikhail Al"]
[Black "Bures, Jaroslav"]
[Result "1/2-1/2"]
[WhiteElo "2191"]
[BlackElo "2259"]
[PlyCount "103"]
[EventDate "2009.08.05"]

1. e4 c6 2. d4 d5 3. f3 g6 4. Nc3 Bg7 5. Be3 Qb6 6. Na4 Qa5+ 7. c3 dxe4 8. fxe4
Nf6 9. b4 Qc7 10. Bd3 Ng4 11. Qd2 e5 12. Nf3 Nxe3 13. Qxe3 Nd7 14. O-O O-O 15.
Nc5 a5 16. a3 axb4 17. axb4 Rxa1 18. Rxa1 Qb6 19. Rb1 Qa7 20. Bc4 Qa3 21. Nxd7
exd4 22. Nxd4 Bxd7 23. e5 Qa8 24. Rf1 Qe8 25. e6 fxe6 26. Rxf8+ Kxf8 27. Nxe6+
Bxe6 28. Bxe6 Bxc3 29. Qf3+ Ke7 30. Bg4 Bd4+ 31. Kf1 Kd6 32. Qd3 Qe5 33. Bf3 b5
34. h3 Kc7 35. Qa3 Kb7 36. Qd3 Kc7 37. Qa3 Qf5 38. Qb3 Be5 39. Kg1 Bg3 40. Qa2
Kb7 41. Qd2 Qf7 42. Bd1 Qc4 43. Qd7+ Kb6 44. Qd8+ Bc7 45. Qd2 Qf4 46. Qc3 Qe5
47. Qd2 Qh2+ 48. Kf2 Qf4+ 49. Ke2 Qc4+ 50. Kf3 Kb7 51. Bc2 Qf7+ 52. Ke2 1/2-1/2

[Event "Olomouc 2009 - IM B"]
[Site "?"]
[Date "2009.08.07"]
[Round "3.1"]
[White "Bures, Jaroslav"]
[Black "Ganaus, Hannes"]
[Result "1/2-1/2"]
[WhiteElo "2259"]
[BlackElo "2279"]
[PlyCount "89"]
[EventDate "2009.08.05"]

1. e4 e6 2. d4 d5 3. Nd2 h6 4. Ngf3 Nf6 5. Bd3 c5 6. exd5 Qxd5 7. O-O cxd4 8.
Nb3 Nc6 9. Nbxd4 Nxd4 10. Nxd4 Bd7 11. Be2 Qa5 12. Bf3 Qc7 13. Qe2 a6 14. g3 g5
15. c4 O-O-O 16. Bd2 e5 17. Nb3 Re8 18. Ba5 Qb8 19. Bd5 b6 20. Bc3 Nxd5 21.
cxd5 Kb7 22. Qh5 Rh7 23. Rfe1 Bd6 24. Nd2 Bf5 25. Nc4 Bg6 26. Qd1 f6 27. Qb3
Ka7 28. Nxd6 Qxd6 29. Bb4 Qd7 30. d6 Rc8 31. Rac1 Rhh8 32. Qe3 Bf5 33. b3 Rxc1
34. Rxc1 Rc8 35. Rxc8 Qxc8 36. a4 Kb7 37. a5 Qc6 38. axb6 Bh3 39. f3 Qc2 40.
Qe4+ Qxe4 41. fxe4 Bd7 42. Bc5 a5 43. Kf2 Be6 44. Ke3 Kc6 45. b4 1/2-1/2

[Event "Olomouc 2009 - IM B"]
[Site "?"]
[Date "2009.08.07"]
[Round "3.2"]
[White "Klima, Lukas"]
[Black "Antipov, Mikhail Al"]
[Result "1-0"]
[WhiteElo "2420"]
[BlackElo "2191"]
[PlyCount "68"]
[EventDate "2009.08.05"]

1. e4 e6 2. d3 c5 3. g3 Nc6 4. Bg2 g6 5. Nf3 Bg7 6. O-O Nge7 7. Re1 d6 8. c3 e5
9. Na3 O-O 10. Nc4 b6 11. a4 Be6 12. Nh4 d5 13. exd5 Bxd5 14. Bf1 Qc7 15. Qe2
g5 16. Ng2 f5 17. f4 exf4 18. gxf4 g4 19. Qf2 a6 20. Nce3 Bxg2 21. Bxg2 Rad8
22. Qc2 Qd7 23. Nc4 Qxd3 24. Qxd3 Rxd3 25. Be3 Bf6 26. Bf2 Kf7 27. Bf1 Rdd8 28.
Rad1 Nd5 29. Bg2 Nce7 30. Ne5+ Bxe5 31. Rxe5 Nf6 32. Rde1 Rfe8 33. Bh4 Rd6 34.
Bf1 Kf8 1-0

[Event "Olomouc 2009 - IM B"]
[Site "?"]
[Date "2009.08.07"]
[Round "3.3"]
[White "Pacher, Milan"]
[Black "Blazkova, Petra"]
[Result "1-0"]
[WhiteElo "2358"]
[BlackElo "2182"]
[PlyCount "79"]
[EventDate "2009.08.05"]

1. d4 Nf6 2. c4 e6 3. Nf3 Bb4+ 4. Nbd2 O-O 5. a3 Bxd2+ 6. Qxd2 b6 7. e3 Bb7 8.
Be2 a5 9. b3 Ne4 10. Qc2 d6 11. O-O Nd7 12. Nd2 f5 13. f3 Nxd2 14. Bxd2 Qh4 15.
b4 axb4 16. axb4 Rxa1 17. Rxa1 Ra8 18. Rxa8+ Bxa8 19. c5 bxc5 20. bxc5 dxc5 21.
Bc4 Bd5 22. Bxd5 exd5 23. Qxf5 Qe7 24. Qxd5+ Qf7 25. Qa8+ Nf8 26. dxc5 Qb3 27.
Kf2 Kf7 28. Qe4 Ne6 29. Qxh7 Qd5 30. Qc2 Nxc5 31. e4 Qd6 32. Qc4+ Ne6 33. Qd5
Qb6+ 34. Kg3 Ke7 35. f4 Nd4 36. f5 c5 37. Bg5+ Kf8 38. Kg4 Qc7 39. Bf4 Qf7 40.
Qxc5+ 1-0

[Event "Olomouc 2009 - IM B"]
[Site "?"]
[Date "2009.08.07"]
[Round "3.4"]
[White "Porat, Maya"]
[Black "Sonter, Matthew"]
[Result "0-1"]
[WhiteElo "2221"]
[BlackElo "2158"]
[PlyCount "84"]
[EventDate "2009.08.05"]

1. d4 Nf6 2. c4 e6 3. Nf3 b6 4. g3 Ba6 5. b3 Bb4+ 6. Bd2 Be7 7. Bg2 c6 8. Ne5
d5 9. Bc3 Nfd7 10. Nxd7 Nxd7 11. Nd2 b5 12. O-O O-O 13. e4 bxc4 14. bxc4 Nb6
15. exd5 exd5 16. Ba5 Qd7 17. Bxb6 axb6 18. Rc1 Bg5 19. f4 Bf6 20. Kh1 Bxd4 21.
Nb3 Bf6 22. Rf2 d4 23. Rd2 c5 24. Bxa8 Rxa8 25. Kg1 Bb7 26. Rcc2 Re8 27. Re2
Rxe2 28. Rxe2 Bf3 29. Nc1 g6 30. Kf2 Bxe2 31. Qxe2 h5 32. h4 Qa4 33. Kg2 Kg7
34. Qd3 b5 35. cxb5 c4 36. Qb1 d3 37. Nxd3 cxd3 38. Qxd3 Qxa2+ 39. Kf3 Qb2 40.
Qd5 Bd4 41. Ke4 Bf2 42. f5 Qe2+ 0-1

[Event "Olomouc 2009 - IM B"]
[Site "?"]
[Date "2009.08.07"]
[Round "3.5"]
[White "Langrock, Hannes"]
[Black "Kochetkova, Julia"]
[Result "1-0"]
[WhiteElo "2383"]
[BlackElo "2310"]
[PlyCount "87"]
[EventDate "2009.08.05"]

1. Nf3 d5 2. d4 Nf6 3. c4 e6 4. Nc3 Be7 5. e3 O-O 6. Be2 c5 7. O-O Nc6 8. a3 a6
9. dxc5 dxc4 10. Bxc4 Bxc5 11. b4 Bd6 12. Bb2 Ne5 13. Nxe5 Bxe5 14. f4 Qxd1 15.
Rfxd1 Bc7 16. Ne2 Ng4 17. e4 Ne3 18. Rdc1 Bb6 19. Bd4 Bxd4 20. Nxd4 Rd8 21. Nb3
Nxc4 22. Rxc4 Bd7 23. Rac1 h6 24. Na5 Bb5 25. Nxb7 Bxc4 26. Nxd8 Bd3 27. Nb7
Bxe4 28. Rc7 Ra7 29. Rc8+ Kh7 30. Nc5 Bd5 31. Kf2 g5 32. g3 gxf4 33. gxf4 Kg6
34. Ke3 h5 35. a4 Bc4 36. Kd4 Be2 37. Ke5 Bc4 38. Rg8+ Kh7 39. Rg5 Be2 40. Kf6
Kh8 41. Rg7 Bc4 42. Ne4 e5 43. Nd6 Bb3 44. fxe5 1-0

[Event "Olomouc 2009 - IM B"]
[Site "?"]
[Date "2009.08.08"]
[Round "4.1"]
[White "Ganaus, Hannes"]
[Black "Kochetkova, Julia"]
[Result "1/2-1/2"]
[WhiteElo "2279"]
[BlackElo "2310"]
[PlyCount "119"]
[EventDate "2009.08.05"]

1. d4 d5 2. c4 c6 3. Nf3 Nf6 4. Nc3 a6 5. Bg5 e6 6. e3 Qa5 7. Bxf6 gxf6 8. a3
Qd8 9. Bd3 b5 10. cxd5 cxd5 11. O-O Bd6 12. e4 dxe4 13. Bxe4 Ra7 14. Re1 O-O
15. Qd2 f5 16. Bc2 Qf6 17. Qe3 Re7 18. Ne5 Bb7 19. Bd1 Nd7 20. Bf3 Bxf3 21.
Nxf3 Nb6 22. Ne5 Rc7 23. Rad1 Rfc8 24. Rd3 Nc4 25. Nxc4 Rxc4 26. g3 Qg6 27. f4
b4 28. axb4 Bxb4 29. Red1 Qg4 30. R1d2 a5 31. Re2 a4 32. Nd1 Rc2 33. Rf2 Rc1
34. Qf3 Qxf3 35. Rfxf3 R8c2 36. Rf2 Rxf2 37. Kxf2 Rc2+ 38. Kg1 Kf8 39. d5 Ke7
40. dxe6 fxe6 41. Kh1 Re2 42. h3 Bd2 43. Kg1 Re1+ 44. Kf2 Rxd1 45. Ke2 Rh1 46.
Rxd2 Rxh3 47. Kf3 Rh1 48. Rd4 Rf1+ 49. Ke3 Ra1 50. Kf3 Kf6 51. Rd7 Ra2 52. Ra7
Kg6 53. Rb7 h6 54. Rb6 Kh5 55. Rxe6 Rxb2 56. Ra6 Rb3+ 57. Kg2 Kg4 58. Rg6+ Kh5
59. Ra6 Kg4 60. Rg6+ 1/2-1/2

[Event "Olomouc 2009 - IM B"]
[Site "?"]
[Date "2009.08.08"]
[Round "4.2"]
[White "Sonter, Matthew"]
[Black "Langrock, Hannes"]
[Result "1/2-1/2"]
[WhiteElo "2158"]
[BlackElo "2383"]
[PlyCount "83"]
[EventDate "2009.08.05"]

1. e4 e6 2. d4 d5 3. Nc3 Nf6 4. e5 Nfd7 5. f4 c5 6. Nf3 Nc6 7. Be3 cxd4 8. Nxd4
Bc5 9. Qd2 O-O 10. O-O-O a6 11. Kb1 Nxd4 12. Bxd4 b5 13. Bxc5 Nxc5 14. Bd3 b4
15. Ne2 a5 16. Nd4 Qb6 17. f5 Nxd3 18. Qxd3 exf5 19. Nxf5 Bxf5 20. Qxf5 Qe6 21.
Qf3 Rfd8 22. Rhe1 Rac8 23. Rd4 Rc4 24. Qd3 Rd7 25. Qd2 h6 26. h3 Rc5 27. Qf2
Rdc7 28. Re2 Rb5 29. g4 Rc3 30. h4 Rh3 31. Re1 Qe7 32. g5 Qe6 33. gxh6 Qxh6 34.
Qf1 Re3 35. Red1 Rc5 36. Rf4 Qg6 37. Qf2 Qg3 38. Rxf7 Qxf2 39. Rxf2 Rxe5 40.
Rg1 d4 41. Rfg2 Rc7 42. b3 1/2-1/2